000 00295nam a2200109Ia 4500
008 220204s9999 xx 000 0 und d
082 _a336.1/.5(540)
_bBHA
100 _aBHATTACHARYYA, Dhires
245 0 _aUnderstanding India's economy. V 2
260 _aCalcutta
_bProgressive
_c1973
942 _cBK
999 _c24737
_d24737